| 000 | 01053aam a2200325 i 4500 | ||
|---|---|---|---|
| 001 | 768714001 | ||
| 003 | CO-MdFUSB | ||
| 005 | 20250603162923.0 | ||
| 007 | ta | ||
| 008 | 250603t2001 sp |||| |||| 00| 0 spa d | ||
| 020 |
_a84-288-1662 _qx |
||
| 040 | _cCO-MdFUSB | ||
| 041 | 0 |
_aspa _heng |
|
| 082 | 0 | 4 |
_223 _a248.482 _bN9349d |
| 100 | 1 |
_aNouwen, Henri J. M. (1932-1996) _eautor |
|
| 240 | _aMaking all things new. An invitation to spiritual life | ||
| 245 | 1 | 0 |
_aCambiar desde el corazón, escuchar al espíritu : _binvitación a la vida espiritual _c/ Henri, J. M. Nouwen ; traducido por Monserrat Gutiérrez Carreras |
| 250 | _asegunda edición | ||
| 264 | 1 |
_bPPC, _aMadrid, España : _c[2001] |
|
| 264 | 4 | _c©2001 | |
| 300 | _a153 páginas | ||
| 336 |
_atexto _btxt _2rdacontent |
||
| 337 |
_2rdamedia _asin mediación _bn |
||
| 338 |
_2rdacarrier _avolumen _bnc |
||
| 563 | _aPasta dura | ||
| 650 | 0 |
_aVida espiritual _951 |
|
| 700 |
_aGutiérrez Carreras, Montserrat, _911643 _etraductor |
||
| 942 | _cBK | ||
| 945 | _aJTF-925 | ||
| 999 |
_c36011 _d36011 |
||